[Event "OP-2013-0-02601"]
[Site "LSS email"]
[Date "2013.01.21"]
[Round "?"]
[White "Henke, Simon"]
[Black "Pearson, Phillip"]
[Result "1-0"]
[WhiteElo "1371"]
[BlackElo "552"]
[PlyCount "27"]
[EventDate "2013.01.18"]
[EventType "tourn (corr)"]
[EventRounds "4"]
[EventCountry "GER"]
[SourceTitle "Corr 2015"]
[Source "ChessBase"]
[SourceDate "2015.07.17"]
[SourceVersion "1"]
[SourceVersionDate "2015.07.17"]
[SourceQuality "1"]

1. d4 d5 2. Nf3 Nf6 3. e3 e6 4. Bd3 Bb4+ 5. c3 Ba5 6. Nbd2 0-0 7. 0-0 Qd6 8. e4 c6 9. e5 Qd7 10. exf6 Qd6 11. Bxh7+ Kxh7 12. Ng5+ Kg8 13. Qh5 Qf4 14. Qh7# 1-0

[Event "OP-2013-0-02601"]
[Site "LSS email"]
[Date "2013.01.21"]
[Round "?"]
[White "Pearson, Phillip"]
[Black "Dlugolecki, Grzegorz"]
[Result "0-1"]
[WhiteElo "552"]
[BlackElo "1637"]
[PlyCount "42"]
[EventDate "2013.01.18"]
[EventType "tourn (corr)"]
[EventRounds "4"]
[EventCountry "GER"]
[SourceTitle "Telechess CBM 159"]
[Source "ChessBase"]
[SourceDate "2014.03.17"]
[SourceVersion "1"]
[SourceVersionDate "2014.03.17"]
[SourceQuality "1"]

1. e4 c6 2. Nf3 d5 3. e5 Bf5 4. d3 e6 5. Bg5 Bb4+ 6. c3 Be7 7. Bf4 h6 8. d4 Qb6 9. Na3 Qxb2 10. Rb1 Bxb1 11. Qa4 Qxc3+ 12. Bd2 Qxa3 13. Qxa3 Bxa3 14. Be2 Bxa2 15. 0-0 Be7 16. Ra1 Bc4 17. Bf1 b5 18. Ra5 Bd8 19. Bb4 Bxa5 20. Bxa5 Bxf1 21. Kxf1 Na6 0-1

[Event "LSS OP-2008-0-00514"]
[Site "LSS email"]
[Date "2008.04.07"]
[Round "?"]
[White "Mueller Alves, Martin"]
[Black "Pearson, Phillip"]
[Result "1-0"]
[WhiteElo "2204"]
[BlackElo "1200"]
[PlyCount "47"]
[EventDate "2008.04.05"]
[EventType "tourn (corr)"]
[EventRounds "4"]
[EventCountry "GER"]
[SourceTitle "Corr 2011"]
[Source "ChessBase"]
[SourceDate "2010.08.31"]
[SourceVersion "1"]
[SourceVersionDate "2010.08.31"]
[SourceQuality "1"]

1. e4 e5 2. f4 Nc6 3. Nc3 Bc5 4. fxe5 Nxe5 5. d4 Bd6 6. dxe5 Bxe5 7. Nf3 Nf6 8. Nxe5 0-0 9. Qd4 d6 10. Nc4 Bg4 11. Bg5 c5 12. Qxd6 Ne8 13. Qxd8 Rxd8 14. Bxd8 Be6 15. Be7 Nf6 16. Bxf8 Kxf8 17. Nd6 Ke7 18. Nxb7 Ng4 19. Nxc5 Bc8 20. Ba6 Bxa6 21. Nxa6 Ne3 22. Nd5+ Nxd5 23. exd5 f5 24. 0-0-0 1-0

[Event "LSS OP-2008-0-00514"]
[Site "LSS email"]
[Date "2008.04.07"]
[Round "?"]
[White "Siger, Imre Csaba"]
[Black "Pearson, Phillip"]
[Result "1-0"]
[WhiteElo "2052"]
[BlackElo "1200"]
[PlyCount "49"]
[EventDate "2008.04.05"]
[EventType "tourn (corr)"]
[EventRounds "4"]
[EventCountry "GER"]
[SourceTitle "Corr 2011"]
[Source "ChessBase"]
[SourceDate "2010.08.31"]
[SourceVersion "1"]
[SourceVersionDate "2010.08.31"]
[SourceQuality "1"]

1. e4 e5 2. Nf3 Nf6 3. d4 Bb4+ 4. c3 Ba5 5. dxe5 Nxe4 6. Qd5 Nf6 7. exf6 Qxf6 8. Qxa5 0-0 9. Qxc7 Qd8 10. Qxd8 Rxd8 11. Be3 Re8 12. Na3 d5 13. Nb5 a6 14. Nc7 Ra7 15. Nxe8 Bd7 16. Bxa7 Nc6 17. Nd6 Nxa7 18. Nxb7 h6 19. Bxa6 Bc6 20. Nd4 Bd7 21. 0-0-0 Ba4 22. b3 Bd7 23. Rhe1 Nc6 24. Nxc6 Bxc6 25. Nd8 1-0